Normal view
MARC view
- Fajardo, Julio
Entry Personal Name
001 - CONTROL NUMBER
- control field: 120511
003 - CONTROL NUMBER IDENTIFIER
- control field: NUST
005 - DATE AND TIME OF LATEST TRANSACTION
- control field: 20240215113742.0
008 - FIXED-LENGTH DATA ELEMENTS
- fixed length control field: 240215|| aca||aabn | a|a d
040 ## - CATALOGING SOURCE
- Original cataloging agency: NUST
- Transcribing agency: NUST
100 ## - HEADING--PERSONAL NAME
- Personal name: Fajardo, Julio
670 ## - SOURCE DATA FOUND
- Source citation: Work cat.: (NUST): Fajardo, Julio, New York architecture = New York architektur/, 2006.
